Guess The Song By The Emoji - Statistics

General Stats
  • This quiz has been taken 296 times
  • The average score is 6 of 15
Answer Stats
Hint Answer % Correct
β˜” Umbrella
83%
πŸ’ŽπŸ’Ž Diamonds
80%
🌹🌹 Roses
73%
πŸ˜€πŸ˜πŸ˜ƒ Happy
71%
β¬›πŸ΄ Dark Horse
64%
21⃣ 21
63%
πŸ˜πŸŽ‰πŸ‡ΊπŸ‡Έ Party In The USA
62%
πŸ“žπŸ˜€πŸ€· Call Me Maybe
59%
πŸ‘΄πŸŒ†πŸš• Old Town Road
19%
βšͺβš«πŸ”΄πŸ”΅ Circles
5%
πŸ’°πŸ’πŸš— Gold Digger
3%
πŸ˜«πŸ’” Achy Breaky Heart
2%
πŸͺπŸŒπŸ‘• Thrift Shop
2%
πŸ’°πŸ’³β›΅ Buy Me A Boat
1%
πŸͺ🏠 Work Form Home
1%
No matching quizzes found
Score Distribution
Percent of People with Each Score
Percentile by Number Answered
Your Score History
You have not taken this quiz